000 00650nam a2200277Ia 4500
005 20260324113009.0
008 008 260324s9999 xx 000 0 eng d
020 _a9781003486657
037 _aEBOOK
040 _aCRL
040 _beng
040 _cCRL
041 _2eng
041 _aeng
084 _qCRL
100 _aJoerg Volpp
_91145006
245 0 _aHigh-Power Laser Material Processing for Engineers
260 _bTaylor and Francis
260 _c2024
365 _a
365 _b210
856 _uhttp://www.taylorfrancis.com/books/9781003486657
942 _cEBOOK
999 _c1734417
_d1734417